000 00737nam a2200229Ia 4500
003 OSt
005 20220927105720.0
006 a|||||r|||| 00| 0
007 ta
008 220926b |||||||| |||| 00| 0 eng d
024 _a201426
037 _cReference Collections
040 _aRTL
_cRTL
_beng
041 _2eng
_aeng
082 _a"X:(B)xN24:g, N2.2/RR"
100 _aRAJ Baldev Ed.
_9374372
245 0 _aHenri Theil's Contributions to Economics and Economitrics
260 _aLondon
_bKluwer Academic Publishers london
_c1992
700 _a KOERTS Johan Ed.
_9374373
942 _h"X:(B)xN24:g, N2.2/RR"
_cCC
999 _c694082
_d694082